000 00379nam a2200145Ia 4500
008 150301s2014 xx 000 0 und d
082 _a614.1
_bF14V
100 _aVIJ, KRISHANA
245 _aTB. OF FORENSIC MEDICINE & TOXICOLOGY PRINCIPLES & PRACTICE
250 _a6TH
260 _bELSEVIER
_aINDIA
_c2014
300 _a538
650 _aFORENSIC MEDICINE
942 _2ddc
_cBK
_04
999 _c6586
_d6586